Ol' Dirty Bastard Discography - Statistics

General Stats
  • This quiz has been taken 4 times
  • The average score is 3 of 11
Answer Stats
Year Name Type % Correct
1999 N.... Please Album
100%
1995 Return to the 36 Chambers: The Dirty Version Album
75%
2005 The Definitive Ol' Dirty Bastard Story Compilation
50%
2001 The Dirty Story: The Best of Ol' Dirty Bastard Compilation
25%
2002 The Trials and Tribulations of Russell Jones Compilation
25%
2005 Free to be Dirty! Live Live Album
0%
2007 In Memory of... Vol. 7 Compilation
0%
2009 Message to the Other Side, Osirus Part 1 Album
0%
1996 O.D.B.E.P. EP
0%
2005 Osirus Mixtape
0%
2011 The Last Tape (Greatest Hits) Compilation
0%
No matching quizzes found
Score Distribution
Percent of People with Each Score
Percentile by Number Answered
Your Score History
You have not taken this quiz